000 00425nam a2200133Ia 4500
005 20260328104312.0
008 260328s9999||||xx |||||||||||||| ||und||
100 _aErazo, Andrés Felipe
245 0 _aFernando Martínez Sanabria :
_b de la crujía de Muros paralelos a la espacialidad del aula. /
_cAndrés Felipe Erazo
250 _aLimitada
300 _a335 p.
650 _aFERNANDO M.SANABRIA ( 1926-1991)
942 _cBK
999 _c10987
_d10987